书目信息 |
| 书名: | The Adventures of Huckleberry Finn | |
| 作者: | Mark Twain. | |
| 分册号: | ||
| 分册名: | 出版地: | New York : |
|
| 出版社: | Penguin Books | |
| 出版时间: | 1966. | |
| 页数: | 393 ; | |
| 开本: | 18 cm. | |
| 丛书名: | ||
| 中图分类号: | ||
| 科图分类号: | ||
| 其他分类号: | H319.4 | |
| 主题词: | ||
| 电子资源: | ||
| 000 | 00795cam 2200253 a 4500 | |
| 001 | E0738445534 | |
| 005 | 20070728144707.96 | |
| 008 | 0305131966 nyua 000 1 eng d | |
| 020 | @a0553210793 :@cCNY1.20. | |
| 040 | @aZSU@cZSU | |
| 090 | @aI712.44/X29(2)/1959 | |
| 090 | @aH319.4 | |
| 092 | @aCN@bJZ02-199 | |
| 099 | @dH319.4@ex139 | |
| 100 | 1 | @aTwain, Mark,@d1835-1910. |
| 245 | 10 | @aThe Adventures of Huckleberry Finn / @cMark Twain. |
| 260 | @aNew York :@bPenguin Books,@c1966. | |
| 300 | @a393 ;@c18 cm. | |
| 490 | 0 | @aA Bantam classic |
| 650 | 0 | @aBoys@zMissouri@xFiction. |
| 650 | 0 | @aBoys@xTravel@zMississippi River@xFiction. |
| 650 | 0 | @aFinn, Huckleberry (Fictitious character)@xFiction. |
| 651 | 0 | @aMississippi River@xFiction. |
| 920 | @a232010@z2 | |
| The Adventures of Huckleberry Finn / / Mark Twain.-New York : : Penguin Books, , 1966. |
| 393 ; ; 18 cm.- (A Bantam classic ) |
| ISBN 0553210793 :CNY1.20. |
| ● |
| 相关链接 |
|
|
|
|
正题名:The Adventures of Huckleberry Finn
索取号:H319.4/x139
 
预约/预借
| 序号 | 登录号 | 条形码 | 馆藏地/架位号 | 状态 | 备注 |
| 1 | 0000081 | 300000816 | 第四借阅区/ [索取号:H319.4/x139] | 在馆 | |
| 2 | 0000162 | 300001628 | 第四借阅区/ [索取号:H319.4/x139] | 在馆 | |
| 3 | 14041 | 300140416 | 密集书库/ [索取号:H319.4/x139] | 在馆 | |
| 4 | 28112 | 001437378 | 第四借阅区/ [索取号:H319.4/x139] | 在馆 | |
| 5 | 28119 | 202200876 | 第四借阅区/ [索取号:H319.4/x139] | 在馆 | |
| 6 | 30679 | 001154397 | 密集书库/ [索取号:H319.4/x139] | 在馆 | |
| 7 | 30684 | 001154315 | 密集书库/ [索取号:H319.4/x139] | 在馆 | |
| 8 | 30688 | 001154324 | 密集书库/ [索取号:H319.4/x139] | 在馆 | |
| 9 | 30695 | 001154351 | 密集书库/ [索取号:H319.4/x139] | 在馆 | |
| 10 | 30697 | 001154379 | 密集书库/ [索取号:H319.4/x139] | 在馆 | |
| 11 | 48110 | 001154280 | 密集书库/ [索取号:H319.4/x139] | 在馆 | |
| 12 | 48113 | 001154388 | 密集书库/ [索取号:H319.4/x139] | 在馆 |